|
|
|
|
| LEADER |
01664nam a2200229 a 4500 |
| 001 |
GR-MES238 |
| 008 |
991111s1989 gr 000 0 gre d |
| 040 |
|
|
|a GrPaTEI
|b gre
|c GR-PaULI
|
| 245 |
0 |
0 |
|a Συνεταιριστικός κώδικας :
|b Νομοθεσία: Αγροτικών αστικών και οικοδομικών συνεταιρισμών.
|
| 260 |
|
|
|a Αθήνα :
|b Σάκκουλας,
|c 1989
|
| 300 |
|
|
|a 267σελ.
|
| 650 |
|
4 |
|a Συνεταιρισμοί-Νομοθεσία
|
| 700 |
1 |
|
|a Καπογιάννης, Δ.
|
| 700 |
1 |
|
|a Τσουραμάνης, Χρ.
|
| 942 |
|
|
|2 ddc
|
| 952 |
|
|
|0 1
|1 0
|2 ddc
|4 0
|6 346_070000000000000_ΚΑΠ
|7 0
|9 263486
|a MSLG
|b MSLG
|c BSC
|d 2021-01-17
|e 24
|f 0
|g 0.00
|l 0
|o 346.07 ΚΑΠ
|p 2420000001263
|r 2021-01-17 00:00:00
|t 1
|w 2021-01-17
|y BK15
|x 19991111 0 1
|x GrPaTEI
|
| 952 |
|
|
|0 1
|1 0
|2 ddc
|4 0
|6 346_070000000000000_ΚΑΠ
|7 0
|9 263487
|a MSLG
|b MSLG
|c BSC
|d 2021-01-17
|e 24
|f 0
|g 0.00
|l 0
|o 346.07 ΚΑΠ
|p 2420000003586
|r 2021-01-17 00:00:00
|t 1
|w 2021-01-17
|y BK15
|x 19991111 0 1
|x GrPaTEI
|
| 952 |
|
|
|0 1
|1 0
|2 ddc
|4 0
|6 346_070000000000000_ΚΑΠ
|7 0
|9 263488
|a MSLG
|b MSLG
|c BSC
|d 2021-01-17
|e 24
|f 0
|g 0.00
|l 0
|o 346.07 ΚΑΠ
|p 2420000011081
|r 2021-01-17 00:00:00
|t 1
|w 2021-01-17
|y BK15
|x 19991111 0 1
|x GrPaTEI
|
| 952 |
|
|
|0 0
|1 0
|2 ddc
|4 0
|6 346_070000000000000_ΚΑΠ
|7 0
|9 263489
|a MSLG
|b MSLG
|c BSC
|d 2021-01-17
|e 24
|f 0
|g 0.00
|l 0
|o 346.07 ΚΑΠ
|p 99242000003587
|r 2021-01-17 00:00:00
|t 1
|w 2021-01-17
|y BK15
|x GrPaTEI
|
| 952 |
|
|
|0 0
|1 0
|2 ddc
|4 0
|6 346_070000000000000_ΚΑΠ
|7 0
|9 263490
|a MSLG
|b MSLG
|c BSC
|d 2021-01-17
|e 24
|f 0
|g 0.00
|l 0
|o 346.07 ΚΑΠ
|p 99242000004286
|r 2021-01-17 00:00:00
|t 1
|w 2021-01-17
|y BK15
|x GrPaTEI
|
| 971 |
|
|
|a .b25712792
|b 16-04-20
|c 13-09-16
|
| 999 |
|
|
|c 151675
|d 151675
|